00329ntaaa2200133 45000030003000000050017000030080021000200400037000410820017000781000027000952450031001222500027001536500015001800120251027201558.00714s1973 ag 01  aAR-BaBNbspacAR-BaBNeaacrdRIC a230.0000 K58 aKing, Henry Churchill  aReconstruction in Theology a1 ed. : bs.l., c1901 aTeología